Statistiche per Canzoni dei Film Disney Quiz

Clicka qui per fare il quiz!

Statistiche generali

  • Questo quiz è stato fatto 1.284 volte
  • Il punteggio medio è 11 su 18

Statistiche sulle risposte

CanzoneFilm% Corretto
In fondo al marLa Sirenetta
97%
Bibbidi-Bobbidi-BooCenerentola
95%
Notti d'orienteAladdin
90%
Il cerchio della vitaIl Re Leone
90%
Un poco di zuccheroMary Poppins
90%
All'alba sorgeròFrozen
83%
Tutti quanti voglion fare il JazzGli Aristogatti
75%
Lo stretto indispensabileIl Libro della Giungla
74%
Stia con noiLa Bella e la Bestia
70%
I colori del ventoPocahontas
65%
RiflessoMulan
54%
Ti vada o noHercules
43%
Io ce la faròLa Principessa e il Ranocchio
38%
Fiamme dell'infernoIl Gobbo di Notre Dame
36%
Ci sono anch'ioIl Pianeta del Tesoro
31%
Sei dentro meTarzan
28%
So chi seiLa Bella Addormentata nel Bosco
27%
Il mio camminoKoda Fratello Orso
21%

Distribuzione punteggi

Percentile per numero di risposta

Percentuale di utenti per punteggio

I tuoi punteggi nel tempo

Non hai fatto questo quiz